<?xml version="1.0" encoding="UTF-8"?>
<marc:record xmlns:marc="http://www.loc.gov/MARC21/slim">
   <marc:leader>00000nam a2200000 a 4500</marc:leader>
   <marc:datafield ind1=" " ind2=" " tag="653">
      <marc:subfield code="a">Sport</marc:subfield>
   </marc:datafield>
   <marc:datafield ind1=" " ind2=" " tag="653">
      <marc:subfield code="a">Zeitschrift</marc:subfield>
   </marc:datafield>
   <marc:datafield ind1=" " ind2=" " tag="653">
      <marc:subfield code="a">Fahrrad</marc:subfield>
   </marc:datafield>
   <marc:datafield ind1=" " ind2=" " tag="653">
      <marc:subfield code="a">Radsport</marc:subfield>
   </marc:datafield>
   <marc:datafield ind1="0" ind2="0" tag="245">
      <marc:subfield code="a">bike 2026 / 01</marc:subfield>
   </marc:datafield>
   <marc:datafield ind1="0" ind2="0" tag="245">
      <marc:subfield code="b">Spaßbringer</marc:subfield>
   </marc:datafield>
   <marc:datafield ind1=" " ind2="1" tag="264">
      <marc:subfield code="b">Delius Klasing Verlag</marc:subfield>
      <marc:subfield code="c">2026</marc:subfield>
   </marc:datafield>
   <marc:datafield ind1="1" ind2=" " tag="520">
      <marc:subfield code="a">Europas erstes und größtes Mountainbike-Magazin BIKE bringt jeden Monat alles, was Mountainbiker interessiert: Tests und Technik ohne Fachchinesisch, Reviervorstellungen und Reisetipps, faszinierende Fotos und spannende Geschichten. &#xD;
Respektiert, gefürchtet, manchmal gehasst, aber weltweit als unerschütterlicher Standard akzeptiert stellt der BIKE-Test seit Jahren die Feuertaufe für jede neue Entwicklung dar. Keine andere Institution in der Branche testet mit einem nur annähernd so erfahrenen Testteam in der Praxis und einem ähnlich gut ausgestatteten Prüflabor wie BIKE. Die Ergebnisse finden die Leserinnen und Leser in jeder Ausgabe des Magazins.</marc:subfield>
   </marc:datafield>
   <marc:datafield ind1="3" ind2=" " tag="024">
      <marc:subfield code="a">4191014508906</marc:subfield>
   </marc:datafield>
   <marc:datafield ind1=" " ind2=" " tag="300">
      <marc:subfield code="a">146 Seiten</marc:subfield>
   </marc:datafield>
</marc:record>
